LEADER 01437aam 2200409I 450 001 9910710284603321 005 20160121100808.0 024 8 $aGOVPUB-C13-4b6a8236bafe0318d5ee19df740c7700 035 $a(CKB)5470000002476437 035 $a(OCoLC)935499192 035 $a(EXLCZ)995470000002476437 100 $a20160121d1979 ua 0 101 0 $aeng 181 $2rdacontent 182 $2rdamedia 183 $2rdacarrier 200 10$aCollaborative reference program for rubber $eanalyses no. 40 April -June 1979 /$fJ. Horlick; T. L. Cummings; G. W. Bullman 210 1$aGaithersburg, MD :$cU.S. Dept. of Commerce, National Institute of Standards and Technology,$d1979. 215 $a1 online resource 225 1 $aNBSIR ;$v79-1805 300 $a1979. 300 $aContributed record: Metadata reviewed, not verified. Some fields updated by batch processes. 300 $aTitle from PDF title page. 320 $aIncludes bibliographical references. 517 $aCollaborative reference program for rubber 700 $aHorlick$b J$01386491 701 $aBullman$b G. W$01386492 701 $aCummings$b T. L$01386493 701 $aHorlick$b J$01386491 712 02$aUnited States.$bNational Bureau of Standards. 801 0$bNBS 801 1$bNBS 801 2$bGPO 906 $aBOOK 912 $a9910710284603321 996 $aCollaborative reference program for rubber$93482256 997 $aUNINA LEADER 01336nam 2200433 450 001 9910830008303321 005 20230814235018.0 010 $a1-118-90468-0 010 $a1-118-90467-2 010 $a1-118-90469-9 035 $a(CKB)4330000000007437 035 $a(MiAaPQ)EBC5317460 035 $a(EXLCZ)994330000000007437 100 $a20180414h20182018 uy 0 101 0 $aeng 135 $aurcnu|||||||| 181 $2rdacontent 182 $2rdamedia 183 $2rdacarrier 200 10$aChemometrics $edata driven extraction for science /$fRichard G. Brereton 205 $aSecond edition. 210 1$aHoboken, New Jersey ;$aChichester, West Sussex, England :$cWiley,$d2018. 210 4$dİ2018 215 $a1 online resource (460 pages) $ccolor illustrations, tables 300 $aIncludes index. 311 $a1-118-90466-4 606 $aChemometrics$xData processing 606 $aChemical processes$xStatistical methods$xData processing 615 0$aChemometrics$xData processing. 615 0$aChemical processes$xStatistical methods$xData processing. 676 $a543.015195 700 $aBrereton$b Richard G.$0283014 801 0$bMiAaPQ 801 1$bMiAaPQ 801 2$bMiAaPQ 906 $aBOOK 912 $a9910830008303321 996 $aChemometrics$986912 997 $aUNINA